00362nam a2200109Ia 4500082001200000245002200012100005500034942000700089008004100096999001900137952009600156 aAF REIT 0aWee van die hart  a REITZ, Aletta Pretoria, 2007 2de druk 935259 cBK210816s9999 xx 000 0 und d c127913d127912 00104070aMAFELbMAFELd2021-08-17g150.00l0p33228017962513r2021-08-17w2021-08-17yBK